Medical instrumentation : (Record no. 790)

MARC details
000 -LEADER
fixed length control field 02036cam a22002778i 4500
001 - CONTROL NUMBER
control field 21334372
003 - CONTROL NUMBER IDENTIFIER
control field OSt
005 - DATE AND TIME OF LATEST TRANSACTION
control field 20250417103111.0
008 - FIXED-LENGTH DATA ELEMENTS--GENERAL INFORMATION
fixed length control field 191212s2020 nju b 001 0 eng
010 ## - LIBRARY OF CONGRESS CONTROL NUMBER
LC control number 2019054466
020 ## - INTERNATIONAL STANDARD BOOK NUMBER
International Standard Book Number 9781119457336
Qualifying information (hardback)
040 ## - CATALOGING SOURCE
Original cataloging agency DLC
Language of cataloging eng
Description conventions rda
Transcribing agency KCST
042 ## - AUTHENTICATION CODE
Authentication code pcc
050 00 - LIBRARY OF CONGRESS CALL NUMBER
Classification number R856
Item number .M376 2020
082 00 - DEWEY DECIMAL CLASSIFICATION NUMBER
Classification number 610.284
Edition information 23
Item number Me
245 00 - TITLE STATEMENT
Title Medical instrumentation :
Remainder of title application and design /
Statement of responsibility, etc. John G. Webster, Biomedical Engineering, University of Wisconsin, Madison, Wisconsin, Amit J. Nimunkar, Biomedical Engineering, University of Wisconsin, Madison, Wisconsin.
250 ## - EDITION STATEMENT
Edition statement 5th ed.
260 ## - PUBLICATION, DISTRIBUTION, ETC.
Place of publication, distribution, etc. Hoboken, NJ :
Name of publisher, distributor, etc. Wiley,
Date of publication, distribution, etc. 2020.
300 ## - PHYSICAL DESCRIPTION
Extent 898 p.
504 ## - BIBLIOGRAPHY, ETC. NOTE
Bibliography, etc. note Includes bibliographical references and index.
520 ## - SUMMARY, ETC.
Summary, etc. "This book provides biomedical engineers with the premiere reference on medical instrumentation as well as a comprehensive overview of the basic concepts. The revised edition features new material on infant apnea monitors, impedance pneumography, the design of cardiac pacemakers, and disposable defibrillator electrodes and their standards. Each chapter includes new problems and updated reference material that cover the latest medical technologies. The chapters have also been revised with new material in medical imaging, providing biomedical engineers with the most current techniques in the field. This well-established text describes the principles, applications and design of the medical instrumentation most commonly used in hospitals. Because equipment changes with time, the authors stress fundamental principles of operation and general types of equipment. Design principles are emphasized so that a scientist with only some background in electronics can gain enough information to design instruments that may not be commercially available"--
Assigning source Provided by publisher.
650 #0 - SUBJECT ADDED ENTRY--TOPICAL TERM
Topical term or geographic name entry element Medical instruments and apparatus
9 (RLIN) 5628
650 #0 - SUBJECT ADDED ENTRY--TOPICAL TERM
Topical term or geographic name entry element Physiological apparatus
9 (RLIN) 5629
700 1# - ADDED ENTRY--PERSONAL NAME
Personal name Webster, John G.,
Dates associated with a name 1932-
Relator term editor.
9 (RLIN) 5630
942 ## - ADDED ENTRY ELEMENTS (KOHA)
Source of classification or shelving scheme Dewey Decimal Classification
Koha item type Book
Holdings
Withdrawn status Lost status Source of classification or shelving scheme Damaged status Not for loan Home library Current library Date acquired Cost, normal purchase price Total checkouts Full call number Barcode Date last seen Cost, replacement price Price effective from Koha item type Source of acquisition
    Dewey Decimal Classification     KCST Library KCST Library 23/02/2022 31.00   610.284 Me 1000001045 23/02/2022 31.00 23/02/2022 Course Textbook  
    Dewey Decimal Classification     KCST Library KCST Library 01/09/2025 32.00   610.284 Me 1000001628 21/09/2025   01/09/2025 Course Textbook COSTHE-PO-000590
    Dewey Decimal Classification     KCST Library KCST Library 01/09/2025 32.00   610.284 Me 1000001629 21/09/2025   01/09/2025 Course Textbook COSTHE-PO-000590
© 2025 KCST. All rights reserved